02479njm a2200433Ia 450000100060000000300090000600500170001500800410003204000130007304000130008610000110009910000180011010000380012824500420016625000110020826000090021926000120022830000100024030000290025050000230027950503060030251100370060865000530064570000630069870001320076170001130089370001460100670000890115270000710124170000840131270000800139670000870147670000810156370000850164470001040172970000710183370000750190470000660197927447IT-RoPAU20220918181157.0131025s9999 xx 000 0 und d aIT-RoPAU cIT-RoPAU aAA.VV. eAutore musica gCodice autore musica SPICS: 12000 aJoseph Montzel e la sua orchestra (2) a1a ed. aROMA bSIBILLA aDISCO c34 minuti (Testo: pag.) aMusica strumentale aSpecial Dixie (3:00) - L'ultima foglia (4:00) - Solo lei (4:00) - Plin plun plan (3:00) - Fiori di campo (3:00) - Allegro motivetto (2:00) - Perché ho lasciato l'altra (4:00) - Capita sempre così (3:00) - Luci sul lago (3:00) - Restami vicino (3:00) - No tengo nada (4:00) - Ho tanto freddo (3:00) aJoseph Montel e la sua Orchestra aSTRUMENTALE [DISCHI]eCodice MATERIA SPICS: 9950 aMontzel JosephgCodice interprete SPICS: 11029eInterprete aMonti ElviogCodice autore musica SPICS: 11030eAutore musicapSpecial Dixie - Solo lei - Capita sempre così - Restami vicino aPelleus gCodice autore musica SPICS: 24144eAutore musicapL'ultima foglia - Fiori di campo - Luci sul lago aRuthuardgCodice autore musica SPICS: 11133eAutore musicapL'ultima foglia - Plin plun plan - Perché ho lasciato l'altra - Ho tanto freddo aLeonegCodice autore testo/musica SPICS: 28287eAutore testo/musicapL'ultima foglia aDamelegCodice autore musica SPICS: 24141eAutore musicapSolo lei aGambinagCodice autore testo/musica SPICS: 24166eAutore testo/musicapSolo lei aSurace D.gCodice autore musica SPICS: 22538eAutore musicapPlin plun plan aDatagCodice autore testo/musica SPICS: 28288eAutore testo/musicapPlin plun plan aDonaningCodice autore musica SPICS: 28289eAutore musicapAllegro motivetto aGaligani AlfiogCodice autore SPICS: 28290eAutorepPerché ho lasciato l'altra aSamperigCodice autore testo/musica SPICS: 28291eAutore testo/musicapPerché ho lasciato l'altra aLanzionegCodice autore SPICS: 24613eAutorepCapita sempre così aLemangCodice autore musica SPICS: 24147eAutore musicapNo tengo nada aAtrabilegCodice autore SPICS: 28292eAutorepHo tanto freddo